Nonlinear stability of finite volume methods for hyperbolic conservation laws and well-balanced schemes for sources

Saved in:
Bibliographic Details
Main Author: Bouchut, Francois 1967-
Format: Book
Language:English
Published: Basel ; Boston : Birkhauser, c2004
Series:Frontiers in mathematics
Subjects:
Tags: Add Tag
No Tags, Be the first to tag this record!

MARC

LEADER 00000nam a2200000 i 4500
001 1/75335
008 080221s2004 eng d
020 |a 3-7643-6665-6 
035 |l 10094894 
040 |a GR-MY-UA  |b gre  |e aacr 
041 0 |a eng 
082 0 |a 515.3535  |2 (22) 
100 1 |a Bouchut, Francois  |d 1967- 
245 1 0 |a Nonlinear stability of finite volume methods for hyperbolic conservation laws and well-balanced schemes for sources /  |c Francois Bouchut 
260 |a Basel ; Boston :   |b Birkhauser,   |c c2004 
300 |a viii, 134 σ.;  |b εικ.;  |c 24 εκ. 
490 1 |a Frontiers in mathematics 
504 |a Περιέχει βιβλιογραφικές παραπομπές (σ. [127]-134) και ευρετήριο 
650 0 0 |a Conservation laws (Mathematics) 
650 0 0 |a Finite differences. 
830 0 |a Frontiers in mathematics 
852 |a INST  |b SAMOS  |e 20080221  |h 515.3535 BOU  |p 005300026800  |q 005300026800  |t BK  |y 0 
901 |a BIBL3-2008-1 
909 |a Σ  |b 142296 
922 |a 3ΕΛΗ  |b 200712  |c ΕΠΕΑΕΚ2/ΤΜΗΜΑ ΜΑΘΗΜΑΤΙΚΩΝ  |d ΠΑΠΑΣΩΤΗΡΙΟΥ 
970 |a ΡΟΥΣΣΟΥ  |b ΚΩΝΣΤΑΝΤΙΝΑ  |z 2008/02/21